000
00317 a2200109 4500
001
ART_8830
005
20260410161845.0
008
260409a
245
1
0
_a
Diferenciación social
100
1
_a
Klein, Emilio
773
0
_t
El trimestre económico
_g
- Vol. XLVIII, Nº 191 (jul./set. 1981)
_w
REV6933
999
_c
24445
_d
24445